Processing of banana products for food use (Record no. 18741)

MARC details
000 -LEADER
fixed length control field 00306nam a2200121Ia 4500
082 ## - DEWEY DECIMAL CLASSIFICATION NUMBER
Classification number 664.804 772
Item number CRO/PR
100 ## - MAIN ENTRY--PERSONAL NAME
Personal name Crowther ,P C
245 ## - TITLE STATEMENT
Title Processing of banana products for food use
260 ## - PUBLICATION, DISTRIBUTION, ETC. (IMPRINT)
Place of publication, distribution, etc London
Name of publisher, distributor, etc Tropical products institute
Date of publication, distribution, etc 1979
300 ## - PHYSICAL DESCRIPTION
Extent 18
546 ## - LANGUAGE
Language note English
942 ## - ADDED ENTRY ELEMENTS (KOHA)
Source of classification or shelving scheme Dewey Decimal Classification
Koha item type Report
Holdings
Lost status Source of classification or shelving scheme Damaged status Not for loan Collection code Home library Current library Shelving location Date acquired Total Checkouts Full call number Barcode Date last seen Koha item type
  Dewey Decimal Classification     Reports KAU Central Library, Thrissur KAU Central Library, Thrissur Reports 18/03/2014   664.804 772 CRO/PR 205515 18/03/2014 Report
Kerala Agricultural University Central Library
Thrissur-(Dt.), Kerala Pin:- 680656, India
Ph : (+91)(487) 2372219
E-mail: librarian@kau.in
Website: http://library.kau.in/